| 000 | 00797nam a22002537a 4500 | ||
|---|---|---|---|
| 003 | MOSTI LIBRARY | ||
| 005 | 20260526105201.0 | ||
| 008 | 260526b |||||||| |||| 00| 0 eng d | ||
| 020 | _a9789839445954 | ||
| 040 | _cMOSTI LIBRARY | ||
| 090 | 0 | 0 |
_a303.483 _b OMA |
| 100 | 1 | 0 |
_aOmar Abdul Rahman _cTan Sri _d1932- |
| 245 | 1 | 0 |
_aThe Essentials of Science, Technology and Innovation Policy / _cOmar Abdul Rahman |
| 264 |
_aKuala Lumpur : _bAcademy of Sciences Malaysia |
||
| 300 |
_avii, 69pages ; _c24cm |
||
| 336 | _0rdacontent | ||
| 337 | _2rdacarrier | ||
| 338 | _0rdacarrier | ||
| 650 | 1 | 0 |
_aScience and States _zMalaysia |
| 650 | 2 | 0 |
_aTechnology and State _zMalaysia |
| 650 | 2 | 0 |
_aTechnological Innovations _xGovernment Policy _zMalaysia |
| 942 |
_2ddc _cBK _n0 |
||
| 949 | _0019245 | ||
| 999 |
_c30879 _d30879 |
||